Male singers first names - Statistics

General Stats
  • This quiz has been taken 82 times
    54 since last reset
  • The average score is 15 of 25
Answer Stats
Hint Answer Song % Correct
Sheeran Ed Perfect
100%
Bieber Justin Intentions
100%
Styles Harry Watermelon Sugar
98%
Mars Bruno Uptown funk
96%
Paul Sean No lie
91%
Mendes Shawn Stitches
91%
Legend John All of me
89%
Derulo Jason Stupid love
87%
Nas X Lil Old town road
85%
Malone Post Candy Paint
85%
Puth Charlie Attention
83%
Guetta David Don't you worry
81%
Lamar Kendrick Rich spirit
77%
Laroi The Kid STAY
72%
Khalifa Wiz The thrill
68%
Fonsi Luis Despacito
62%
Garrix Martin High on life
43%
Blanco Benny Bad decisions
38%
Benjamin Alec Shadow of mine
17%
Simpson Cody La da dee
17%
Maynard Conor Nothing but you
17%
Zucker Jeremy Comethru
17%
Laurence Duncan Arcade
13%
Vegas Dimitri Say my name
4%
Hill Jake Stay
4%
No matching quizzes found
Score Distribution
Percent of People with Each Score
Percentile by Number Answered
Your Score History
You have not taken this quiz since the last reset